000 03288cam a22011894i 4500
003 PE-LiUPU
005 20250813185639.0
008 150616s1965 mx r 000 0 spa d
035 _a(Sirsi) a5923
040 _aPE-LiUPU
_bspa
_cPE-LiUPU
_erda
049 _aPRUA
082 0 4 _a370.3354
_bS87
_221
100 1 _aSuchodolski, Bogdan,
_eautor.
245 1 0 _aTeoría Marxista de la Educación /
_cBogdan Suchodolski.
264 1 _aMéxico, D.F. :
_bEditorial Grijalbo, S.A.,
_c1965.
300 _a341 páginas ;
_c21 centímetros
336 _atext
_2rdacontent
337 _aunmediated
_2rdamedia
338 _avolume
_2rdacarrier
505 0 _aEvolución de los problemas pedagógicos en los escritos de Marx y Engels -- diagnosis de la actualidad -- Problemas de la alienación y del fetichismo -- El significado de la revolución socialista para la educación -- Sobre los fundamentos de la teoría marxista de la cultura -- Crítica de la concepción metafísico-idealista del hombre -- Aciertos y errores del materialismo metafísico en el análisis del hombre -- La lucha por la teoría materialista de la personalidad -- El significado de Marx y Engels para la historia de la pedagogía.
526 _aP202
526 _aP201
526 _aP163
526 _aP162
526 _aP161
526 _aP160
526 _aP148
526 _aP147
526 _aP146
526 _aP145
526 _aP144
526 _aP143
526 _aP142
526 _aP141
526 _aP140
526 _aP139
526 _aP138
526 _aP137
526 _aP136
526 _aP135
526 _aP134
526 _aP133
526 _aP129
526 _aP128
526 _aP127
526 _aP120
526 _aP119
526 _aP118
526 _aP116
526 _aP115
526 _aP114
526 _aP110
526 _aP109
526 _aP108
526 _aP104
526 _aP103
526 _aP102
526 _aP99
526 _aP98
526 _aP97
526 _aP96
526 _aP95
526 _aP93
526 _aP90
526 _aP89
526 _aP88
526 _aP83
526 _aP82
526 _aP62
526 _aP59
526 _aP58
526 _aP57
526 _aP51
526 _aP49
526 _aP48
526 _aP47
526 _aP29
526 _aP24
526 _aP20
526 _aP19
526 _aP17
526 _aP15
526 _aP14
526 _aP12
526 _aP10
526 _aP09
526 _aP08
526 _aP07
526 _aP06
526 _aP05
526 _aP04
526 _aP01
650 0 4 _aMarxismo y educación.
910 _ajck
_bjvq
_cjck
910 _bksl
_cksl
_d20190424
942 _2ddc
_cBOOK
949 _a370.3354 S87
_wDEWEY
_c1
_i23331
_lCCODEBUL1
_mBUL
_p00.00
_r0
_sY
_tBOOK
_u19950919
_xEDUCACION
_PP20
_0COMPRA
_o.STAFF. Colección Ciencias Humanas y Educación
994 _aC0
_bPEPRU
596 _a1
999 _a370.3354 S87
_wDEWEY
_c57001
_i23331
_d57001
_f2021-11-8
_g6
_lCCODEBUL1
_mBUL
_p28.00
_q1
_r0
_sY
_tBOOK
_u2015-6-16
_xEDUCACION
_PP20
_0COMPRA
_o.STAFF. Colección Ciencias Humanas y Educación
980 _81
_gALBERTO SANCHEZ Responsable de Automatización